Conditional Markov processes and their application to the theory of optimal control /

Guardado en:
Autor Principal: Stratonovich, R. L.
Formato: Libro
Idioma:English
Russian
Publicado: New York : American Elsevier, 1968.
Series:Modern analytic and computational methods in science and mathematics ; 7
Materias:
Etiquetas: Agregar Etiqueta
Sin Etiquetas, Sea el primero en etiquetar este registro!
LEADER 01242nam a22002651a 4500
001 MAT.inmabb004755
008 840530s1968####nyu######b####001#0#eng##
005 20170612121020.0
245 1 0 |a Conditional Markov processes and their application to the theory of optimal control /  |c by R. L. Stratonovich ; translated from the Russian by R. N. and N. B. McDonough, for Scripta Technica ; with a preface by Richard Bellman. 
260 |a New York :  |b American Elsevier,  |c 1968. 
300 |a xvii, 350 p. ;  |c 24 cm. 
440 0 |a Modern analytic and computational methods in science and mathematics ;  |v 7 
500 |a Traducción de: Uslovnye markovskie protsessy. 1966. 
500 |a "Contains numerous changes as well as additions which have been made by the author after the Russian edition was published. The present work may be considered as a revised, second edition". 
504 |a Bibliografía: p. 342-347. 
510 4 |a MR,  |c 36 #4912 
100 1 |a Stratonovich, R. L. 
240 1 0 |a Uslovnye markovskie protsessy.  |l Inglés 
650 0 |a Markov processes. 
650 0 |a Control theory. 
084 |a 93.60 (60.00)  |2 MR 
010 |a  67028450  
040 |a DLC/ICU  |c ICU  |d DLC 
041 1 |a eng  |h rus 
859 |h 93  |i St899  |p A-4160  |b BIB. MATEMATICA